Представление документа в формате RUSMARC

ПолеНазваниеЗначение
  Тип записи a
  Библиографический уровень a
001 Контрольный номер RU/CBS_UL/BASE/1e2520e481e3430691824861d157f3c3
005 Дата корректировки 20260318011815.0
100 Данные общей обработки __
a Данные общей обработки 20260318 ||| 0rusy0189 ca
101 Язык документа 0_
a Язык текста rus
102 Страна публикации __
a Страна публикации RU
200 Заглавие и сведения об ответственности 1_
a Заглавие Инна Руденко: Жалею о потере слова "Товарищ"
e Сведения, относящиеся к заглавию [интервью с легендой российской журналистики И. Руденко]
f Первые сведения об ответственности Ю. Лепский
300 Общие примечания __
a Общие примечания 16+
461 Уровень набора _0
1 2000
a Родина
463 Уровень физической единицы _0
1 2000
a № 5
v С. 87 : фот.
1 2101
d 2021
1 001RU/CBS_UL/BASE/695229592
600 Персоналии _1
a Персоналии (Фамилия) Руденко
b Персоналии (Имя, инициалы) И.П.
606 Тематические рубрики 0_
a Основная рубрика Руденко, Инна Павловна (1931-2016)
610 Ключевые слова 0_
a Ключевые слова журналистика, журналисты, советские журналистки, российские журналистки, лауреаты премии Правительства Российской Федерации в области печатных СМИ, интервью, человеческие ценности
686 Индексы других классификаций __
2 Код системы rubbk
a Классификационный индекс 76.000.8
700 Автор _1
a Фамилия Лепский
b Имя (инициалы) Ю.
801 Источник записи _0
a Страна RU
b Организация МБУК ЦБС г. Ульяновска
c Дата составления 20260318
g Правила каталогизации RCR
801 Источник записи _1
a Страна RU
b Организация МБУК ЦБС г. Ульяновска
c Дата составления 20260318
g Правила каталогизации RCR
901 Тип документа __
t Тип документа b
w Контрольный № источника RU/CBS_UL/BASE/695229592
909 Создатель записи __
a Создатель записи lib1